[Event "Samarkland World Blitz Women"]
[Site "?"]
[Date "2023.12.29"]
[Round "8.2"]
[White "Kosteniuk, A.."]
[Black "Bodnaruk, A.."]
[Result "0-1"]
[WhiteElo "2501"]
[BlackElo "2340"]
[PlyCount "114"]
[EventDate "2023.12.??"]
[EventType "swiss (blitz)"]
[EventRounds "17"]
[EventCountry "UZB"]
[SourceTitle "The Week in Chess 1521"]
[Source "Mark Crowther"]
[SourceDate "2024.01.01"]
[SourceVersion "1"]
[SourceVersionDate "2024.01.01"]
[SourceQuality "2"]

1. e4 c5 2. d4 cxd4 3. Qxd4 Nc6 4. Qd3 g6 5. Nc3 Bg7 6. Nf3 d6 7. Be2 Nf6 8. O-O O-O 9. Nd5 Bg4 10. Bg5 Nxd5 11. exd5 Bxf3 12. Qxf3 Nd4 13. Qd3 h6 14. Bd2 Nxe2+ 15. Qxe2 Rc8 16. c3 Re8 17. Be3 a6 18. Qd2 Kh7 19. f4 e6 20. Bf2 e5 21. fxe5 Bxe5 22. Bd4 f5 23. Rae1 Qf6 24. Bxe5 dxe5 25. Qe3 e4 26. Rd1 Rcd8 27. Rd4 Rd6 28. c4 b6 29. b4 Qe5 30. g3 g5 31. Rd2 Rf8 32. Qd4 Re8 33. c5 bxc5 34. bxc5 e3 35. cxd6 exd2 36. Qxd2 Qxd6 37. Rxf5 Qc5+ 38. Qf2 Qc1+ 39. Kg2 Qd1 40. Qa7+ Kh8 41. Qf7 Re2+ 42. Rf2 Rxf2+ 43. Kxf2 Qd4+ 44. Kg2 Qd2+ 45. Kh3 Qd1 46. Qe6 Kg7 47. d6 Qf1+ 48. Kg4 Qd1+ 49. Kf5 Qf3+ 50. Ke5 Qe3+ 51. Kd5 Qd3+ 52. Kc6 Qb5+ 53. Kc7 Qc5+ 54. Kd7 Qb5+ 55. Ke7 Qb7+ 56. d7 Qb4+ 57. Ke8 Qf8# 0-1

[Event "Samarkland World Blitz"]
[Site "?"]
[Date "2023.12.29"]
[Round "6.1"]
[White "Carlsen, M.."]
[Black "Vokhidov, Shamsiddin"]
[Result "1-0"]
[WhiteElo "2830"]
[BlackElo "2596"]
[PlyCount "73"]
[EventDate "2023.12.??"]
[EventType "swiss (blitz)"]
[EventRounds "21"]
[EventCountry "UZB"]
[SourceTitle "The Week in Chess 1521"]
[Source "Mark Crowther"]
[SourceDate "2024.01.01"]
[SourceVersion "1"]
[SourceVersionDate "2024.01.01"]
[SourceQuality "2"]

1. e4 c5 2. Nf3 e6 3. d4 cxd4 4. Nxd4 Nc6 5. c4 Nf6 6. Nc3 Bc5 7. Nc2 O-O 8. Be3 b6 9. Be2 Bb7 10. O-O Qe7 11. Qd2 Rfd8 12. Rfd1 Rac8 13. Bxc5 bxc5 14. Qe3 d6 15. f4 a6 16. Rd2 Qc7 17. Rad1 e5 18. f5 Nd4 19. Bd3 h6 20. Qh3 Bc6 21. Ne3 Qb7 22. Qh4 Qe7 23. Rf1 Rb8 24. g4 Nd5 25. Qxe7 Nxe7 26. h4 Rb7 27. Rg2 Rdb8 28. Rff2 Kf8 29. Kh2 a5 30. Kg3 a4 31. Ned1 Ng8 32. Nb1 Nf6 33. Ndc3 Rb4 34. Na3 Ke7 35. Nc2 Rxb2 36. Nxd4 cxd4 37. Rxb2 1-0

[Event "World Rapid 2023"]
[Site "Samarkand UZB"]
[Date "2023.12.26"]
[Round "2.41"]
[White "Petrov, N.."]
[Black "Duda, J.."]
[Result "0-1"]
[WhiteElo "2561"]
[BlackElo "2732"]
[PlyCount "86"]
[EventDate "2023.12.26"]
[EventType "swiss (rapid)"]
[EventRounds "13"]
[EventCountry "UZB"]
[SourceTitle "The Week in Chess 1521"]
[Source "Mark Crowther"]
[SourceDate "2024.01.01"]
[SourceVersion "1"]
[SourceVersionDate "2024.01.01"]
[SourceQuality "2"]

1. d4 Nf6 2. c4 e6 3. Nc3 Bb4 4. e3 b6 5. Nge2 Ne4 6. Bd2 Nxd2 7. Qxd2 Bb7 8. a3 Be7 9. d5 a5 10. g3 Na6 11. Bg2 Nc5 12. Qc2 O-O 13. O-O Qc8 14. Rad1 a4 15. Nd4 Ra5 16. Rfe1 Ba6 17. Ndb5 Bf6 18. Bf1 g6 19. h4 Bxc3 20. Nxc3 d6 21. e4 e5 22. Kh2 Qd8 23. Qd2 Bc8 24. Qe3 Ra8 25. Bh3 Bxh3 26. Kxh3 f5 27. exf5 Qd7 28. Kg2 gxf5 29. f4 e4 30. Nb5 Rf6 31. Kh2 Kf7 32. Rg1 Rg8 33. Nd4 Ke8 34. Rd2 Kd8 35. Qc3 Rfg6 36. Qe3 Kc8 37. Rdg2 Kb7 38. Rd2 Rg4 39. Rdg2 Nd3 40. Ne6 Qe7 41. Rf1 Qf6 42. Rd1 Qxh4+ 43. Kg1 Rxg3 0-1

[Event "World Blitz 2023"]
[Site "Samarkand UZB"]
[Date "2023.12.29"]
[Round "3.1"]
[White "Tsaruk, Maksim"]
[Black "Carlsen, M.."]
[Result "0-1"]
[WhiteElo "2460"]
[BlackElo "2830"]
[PlyCount "62"]
[EventDate "2023.12.29"]
[EventType "swiss (blitz)"]
[EventRounds "21"]
[EventCountry "UZB"]
[SourceTitle "The Week in Chess 1521"]
[Source "Mark Crowther"]
[SourceDate "2024.01.01"]
[SourceVersion "1"]
[SourceVersionDate "2024.01.01"]
[SourceQuality "2"]

1. e4 a6 2. d4 e6 3. Bd3 d5 4. e5 c5 5. c3 Bd7 6. Nf3 cxd4 7. cxd4 Bb5 8. O-O Nc6 9. a3 Nge7 10. Nc3 Bxd3 11. Qxd3 Nf5 12. Bg5 Be7 13. Bxe7 Qxe7 14. Rac1 Nh4 15. Nxh4 Qxh4 16. f4 O-O 17. Rf3 g6 18. Rcf1 Rac8 19. Rh3 Qd8 20. f5 Qb6 21. Rxh7 Kxh7 22. Qh3+ Kg8 23. fxg6 Qxd4+ 24. Kh1 fxg6 25. Qxe6+ Kg7 26. Qd7+ Kh6 27. Qh3+ Kg5 28. Qg3+ Qg4 29. Qe3+ Kh5 30. Rxf8 Rxf8 31. h3 Rf1+ 0-1

[Event "34. Staufer-Open"]
[Site "Schwäbisch Gmünd"]
[Date "2024.01.06"]
[Round "9.1"]
[White "Safarli, Eltaj"]
[Black "Velicka, Petr"]
[Result "1-0"]
[WhiteElo "2604"]
[BlackElo "2369"]
[PlyCount "57"]
[EventDate "2024.??.??"]
[EventType "team-tourn"]
[BlackTeam "SG Schwäbisch Gmünd"]

1. e4 e5 2. Nf3 Nc6 3. Bb5 Nf6 4. O-O Nxe4 5. d4 Nd6 6. Ba4 e4 7. Ne5 Be7 8. Nc3 O-O 9. Re1 Bg5 10. Bb3 Bxc1 11. Rxc1 Na5 12. Bd5 c6 13. Nxe4 Nxe4 14. Bxf7+ Rxf7 15. Nxf7 Qe7 16. Nd6 Qxd6 17. Rxe4 b6 18. Re8+ Kf7 19. Qe2 Ba6 20. Qh5+ g6 21. Qxh7+ Kxe8 22. Qg8+ Ke7 23. Re1+ Kf6 24. Qxa8 Bc4 25. Qh8+ Kf7 26. Re8 c5 27. g4 Nc6 28. g5 Ne7 29. Rf8+ 1-0

[Event "34. Staufer-Open"]
[Site "Schwäbisch Gmünd"]
[Date "2024.01.04"]
[Round "5.1"]
[White "Safarli, Eltaj"]
[Black "Zeller, Frank"]
[Result "1-0"]
[WhiteElo "2604"]
[BlackElo "2335"]
[PlyCount "69"]
[EventDate "2024.??.??"]
[EventType "team-tourn"]
[BlackTeam "MSA Zugzwang"]

1. e4 c5 2. Nf3 d6 3. d4 cxd4 4. Nxd4 Nf6 5. Nc3 a6 6. g3 e5 7. Nf3 Nbd7 8. Bg2 Be7 9. Nh4 g6 10. a4 h5 11. O-O Rb8 12. a5 b5 13. axb6 Nxb6 14. h3 Qc7 15. Nf3 Nh7 16. Be3 Nc4 17. Nd5 Qc6 18. Bc1 Nxb2 19. Bxb2 Rxb2 20. Ra3 Qb7 21. Rxa6 Be6 22. Qa1 Bxd5 23. exd5 Bf6 24. Ra7 Qb4 25. c3 Qb6 26. Ra6 Qb7 27. Nxe5 O-O 28. Nd7 Rd8 29. Rxd6 Be7 30. Nc5 Qb8 31. Rxd8+ Bxd8 32. Nd7 Qb5 33. c4 Qb4 34. c5 Nf6 35. Qa8 1-0

[Event "34. Staufer-Open"]
[Site "Schwäbisch Gmünd"]
[Date "2024.01.04"]
[Round "5.5"]
[White "Boder, Jan"]
[Black "Krastev, Alexander"]
[Result "1-0"]
[WhiteElo "2284"]
[BlackElo "2470"]
[PlyCount "83"]
[EventDate "2024.??.??"]
[EventType "team-tourn"]
[WhiteTeam "SC ML Kastellaun"]
[BlackTeam "SG Solingen"]

1. c4 e6 2. g3 d5 3. Nf3 d4 4. Bg2 c5 5. d3 Nc6 6. O-O Nf6 7. e3 h6 8. exd4 cxd4 9. a3 a5 10. Bf4 g5 11. Be5 g4 12. Bxf6 Qxf6 13. Nh4 Qg7 14. Nd2 Be7 15. f4 O-O 16. Qe2 Ra6 17. c5 Bxc5 18. f5 Be7 19. Ne4 Bxh4 20. f6 Bxf6 21. Nxf6+ Kh8 22. Bxc6 Rxc6 23. Qe5 Qg5 24. Nxg4+ Qxe5 25. Nxe5 Rc2 26. Ng6+ fxg6 27. Rxf8+ Kg7 28. Raf1 Rc7 29. Re8 b6 30. Rf4 Rc1+ 31. Kf2 Rc2+ 32. Ke1 h5 33. h4 e5 34. Re7+ Kg8 35. Rxe5 Bf5 36. Rxd4 Rxb2 37. Re7 Kf8 38. Rb7 Ke8 39. Rd6 Rb3 40. a4 Bxd3 41. Rdxb6 Ra3 42. Ra7 1-0

[Event "34. Staufer-Open"]
[Site "Schwäbisch Gmünd"]
[Date "2024.01.04"]
[Round "5.2"]
[White "Küppers, Timo"]
[Black "Petrovskiy, Vadim"]
[Result "1-0"]
[WhiteElo "2198"]
[BlackElo "2430"]
[PlyCount "85"]
[EventDate "2024.??.??"]
[EventType "team-tourn"]
[WhiteTeam "SF Essen-Katernberg"]
[BlackTeam "Sfr. Bad Emstal/Wolfhagen"]

1. c4 Nf6 2. g3 e6 3. Bg2 d5 4. Nf3 Be7 5. O-O O-O 6. d4 Nbd7 7. Qc2 a5 8. Rd1 h6 9. b3 c6 10. Nc3 b5 11. Ne5 Nxe5 12. dxe5 Ng4 13. Bb2 Bc5 14. Ne4 Bxf2+ 15. Nxf2 Ne3 16. Qd2 Nxd1 17. Rxd1 bxc4 18. bxc4 Ba6 19. c5 Bc4 20. Bd4 Rb8 21. h4 Rb4 22. Ng4 Ra4 23. Nf6+ gxf6 24. exf6 Qb8 25. Kf2 Ra3 26. Bf3 Kh7 27. Qc2+ Kh8 28. Qc1 Rxf3+ 29. exf3 Kh7 30. Qc2+ Kh8 31. Rb1 Qc7 32. Qd2 Kh7 33. Qc2+ Kh8 34. Qd2 Kh7 35. Qe3 Bxa2 36. Qd3+ Kg8 37. Qd2 Kh7 38. Qc2+ Kh8 39. Qxa2 e5 40. Qd2 Kh7 41. Qd3+ Kh8 42. Qe3 Kh7 43. Bxe5 1-0

[Event "34. Staufer-Open"]
[Site "Schwäbisch Gmünd"]
[Date "2024.01.03"]
[Round "4.8"]
[White "Chassard, Cedric"]
[Black "Duong, Quang Bach"]
[Result "0-1"]
[WhiteElo "2253"]
[BlackElo "1945"]
[PlyCount "88"]
[EventDate "2024.??.??"]
[EventType "team-tourn"]
[WhiteTeam "SC Caissa Schwarzenbach"]
[BlackTeam "SF Augsburg"]

1. e4 e5 2. Nf3 Nc6 3. Bb5 a6 4. Ba4 Nf6 5. O-O d6 6. Bxc6+ bxc6 7. d4 exd4 8. Nxd4 c5 9. Nc6 Qd7 10. Na5 Qa4 11. Bd2 Be7 12. Re1 Bg4 13. f3 Be6 14. c4 Qxd1 15. Rxd1 Nd7 16. Bc3 O-O 17. Nc6 Bg5 18. b3 Rae8 19. g3 Bh3 20. Re1 f5 21. f4 fxe4 22. a3 e3 23. Ra2 Bxf4 24. gxf4 Rxf4 25. Rg2 Bxg2 26. Kxg2 Nf6 27. Bxf6 gxf6 28. Nc3 Kf7 29. Nd5 Rg8+ 30. Kh1 Rf3 31. Nc3 e2 32. Nxe2 Re3 33. b4 Rge8 34. b5 axb5 35. cxb5 Rxe2 36. Rxe2 Rxe2 37. a4 c4 38. a5 c3 39. Nd4 Re1+ 40. Kg2 c2 41. Nxc2 Re2+ 42. Kf3 Rxc2 43. b6 cxb6 44. a6 Ra2 0-1

[Event "34. Staufer-Open"]
[Site "Schwäbisch Gmünd"]
[Date "2024.01.04"]
[Round "6.4"]
[White "Reimann, Sebastian"]
[Black "Duong, Quang Bach"]
[Result "0-1"]
[WhiteElo "2369"]
[BlackElo "1945"]
[PlyCount "66"]
[EventDate "2024.??.??"]
[EventType "team-tourn"]
[WhiteTeam "SK Göggingen"]
[BlackTeam "SF Augsburg"]

1. e4 e5 2. Nf3 Nc6 3. Bc4 Nf6 4. Ng5 d5 5. exd5 Na5 6. Bb5+ c6 7. dxc6 bxc6 8. Be2 h6 9. Nh3 Bd6 10. O-O O-O 11. Nc3 Bc7 12. Kh1 Bxh3 13. gxh3 Rb8 14. d3 Nd5 15. Rg1 Kh8 16. Bf1 f5 17. Qf3 Rb4 18. Qg2 g5 19. Nxd5 cxd5 20. a3 Rh4 21. b4 Nc6 22. c4 e4 23. cxd5 Ne5 24. Bb2 Kh7 25. dxe4 fxe4 26. Be2 Nf3 27. d6 Qxd6 28. Rgd1 Qe6 29. Rac1 Bxh2 30. Bxf3 Rxf3 31. Qxh2 Rfxh3 32. Rc7+ Kg6 33. Rg7+ Kh5 0-1

[Event "German Masters Women 2023"]
[Site "Rosenheim"]
[Date "2023.12.11"]
[Round "9.1"]
[White "Klek, Hanna Marie"]
[Black "Wagner, Dinara"]
[Result "0-1"]
[WhiteElo "2236"]
[BlackElo "2452"]
[PlyCount "64"]
[EventDate "2023.??.??"]

1. e4 c5 2. Nf3 d6 3. d4 cxd4 4. Nxd4 Nf6 5. Nc3 a6 6. Be3 e5 7. Nb3 Be6 8. Qd2 Be7 9. f3 Nbd7 10. g4 b5 11. g5 Nh5 12. Nd5 Bxd5 13. exd5 Nf4 14. a4 bxa4 15. Rxa4 Bxg5 16. Bxa6 O-O 17. Bb5 Rxa4 18. Bxa4 Nb6 19. Bxb6 Qxb6 20. Bc6 Qa7 21. h4 Bxh4+ 22. Kf1 Qa6+ 23. Kg1 Bg3 24. Nc1 Qb6+ 25. Kf1 Qxb2 26. Rg1 Bh4 27. Rg4 g5 28. Rxf4 gxf4 29. Kg2 Kh8 30. Kh3 Bd8 31. Bd7 Qb7 32. Bf5 Qe7 0-1

[Event "German Masters 2023"]
[Site "Rosenheim"]
[Date "2023.12.11"]
[Round "7.1"]
[White "Prusikin, Michael"]
[Black "Donchenko, Alexander"]
[Result "0-1"]
[WhiteElo "2513"]
[BlackElo "2634"]
[PlyCount "134"]
[EventDate "2023.??.??"]

1. d4 Nf6 2. c4 g6 3. Nc3 Bg7 4. e4 d6 5. Nf3 O-O 6. Be2 e5 7. dxe5 dxe5 8. Qxd8 Rxd8 9. Bg5 Re8 10. Nd5 Nxd5 11. cxd5 c6 12. Bc4 cxd5 13. Bxd5 Nd7 14. Nd2 Nc5 15. O-O-O Ne6 16. Be3 Nf4 17. Bxf4 exf4 18. Nc4 Be6 19. Nd6 Re7 20. f3 Rd8 21. Bxe6 Rxe6 22. Nb5 Rc8+ 23. Kb1 a6 24. Nd4 Re5 25. Rd2 Rd8 26. Rhd1 Rh5 27. h3 Rxd4 28. Rxd4 Bxd4 29. Rxd4 Kf8 30. Kc2 Ke7 31. Kd1 Rg5 32. Rd2 Re5 33. Ke2 f5 34. Rd4 fxe4 35. fxe4 Rb5 36. b3 Ra5 37. a4 Rg5 38. Kf2 Ke6 39. Rb4 b5 40. Kf3 Ke5 41. axb5 Rg3+ 42. Kf2 axb5 43. Rxb5+ Kxe4 44. Rb4+ Kf5 45. Rb5+ Kf6 46. Rb8 Kg5 47. b4 Rb3 48. b5 Kh4 49. b6 g5 50. b7 Rb1 51. Ke2 Rb2+ 52. Kf1 h6 53. Rh8 Rxb7 54. Rxh6+ Kg3 55. Rg6 Rb1+ 56. Ke2 Rb2+ 57. Kf1 Rf2+ 58. Ke1 Rxg2 59. Rxg5+ Kf3 60. h4 Rh2 61. h5 Rh1+ 62. Kd2 Kf2 63. Kd3 f3 64. Kd2 Kf1 65. Ke3 f2 66. Rf5 Rh3+ 67. Kf4 Kg2 0-1

[Event "German Masters 2023"]
[Site "Rosenheim"]
[Date "2023.12.19"]
[Round "9.2"]
[White "Wagner, Dennis"]
[Black "Prusikin, Michael"]
[Result "1-0"]
[WhiteElo "2589"]
[BlackElo "2513"]
[PlyCount "75"]
[EventDate "2023.??.??"]

1. d4 Nf6 2. c4 g6 3. Nc3 Bg7 4. e4 d6 5. Be2 O-O 6. Be3 c5 7. d5 e6 8. Nf3 exd5 9. cxd5 Bg4 10. Nd2 Bxe2 11. Qxe2 Na6 12. O-O Nc7 13. a4 Nfe8 14. Kh1 Rb8 15. f4 a6 16. Nc4 b5 17. axb5 axb5 18. Na5 Qd7 19. Nc6 Rb7 20. f5 b4 21. Nd1 Nf6 22. Bg5 Nb5 23. Nf2 gxf5 24. Bxf6 Bxf6 25. Ng4 fxg4 26. Rxf6 Nd4 27. Nxd4 cxd4 28. Rf5 f6 29. Qxg4+ Qg7 30. Qd1 Rc7 31. Qxd4 Rc2 32. Rg1 Rfc8 33. Rf3 R8c4 34. Qb6 Qc7 35. Qe3 Qe7 36. Rg3+ Kh8 37. Ra1 Qxe4 38. Qxe4 1-0

[Event "Oberliga Bayern 1516"]
[Site "Bayern"]
[Date "2016.04.10"]
[Round "9.3"]
[White "Hitzler, Philipp"]
[Black "Klek, Hanna Marie"]
[Result "0-1"]
[WhiteElo "2269"]
[BlackElo "2311"]
[PlyCount "60"]
[EventDate "2015.10.11"]
[EventType "team-tourn"]
[EventRounds "9"]
[EventCountry "GER"]
[SourceTitle "EXT 2018"]
[Source "ChessBase"]
[SourceDate "2017.10.13"]
[SourceVersion "1"]
[SourceVersionDate "2017.10.13"]
[SourceQuality "1"]
[WhiteTeam "Regensburg Post/Sued"]
[BlackTeam "Erlangen SC"]
[WhiteTeamCountry "GER"]
[BlackTeamCountry "GER"]

1. d4 d5 2. c4 e6 3. Nc3 Be7 4. Bf4 Nf6 5. e3 c5 6. dxc5 Bxc5 7. Nf3 O-O 8. a3 Nc6 9. Qc2 Re8 10. Rd1 e5 11. Bg5 d4 12. Nd5 Be7 13. Nxe7+ Qxe7 14. Be2 d3 15. Bxd3 e4 16. Be2 exf3 17. gxf3 Qe5 18. Bf4 Qa5+ 19. Qd2 Qxd2+ 20. Kxd2 Be6 21. Kc3 Rac8 22. b3 b5 23. e4 bxc4 24. bxc4 Nd7 25. Be3 Na5 26. Kb2 Nxc4+ 27. Bxc4 Rxc4 28. Bxa7 Ra8 29. Be3 Rb8+ 30. Ka1 Rc3 0-1